MDQL
is popping MORE tags! Check the
thread
!
Quizzes
Events
Quiz Creation
Community
Videos
Private Events
Remove Ads
Sign In
Join for FREE
Feedback
Dark Mode
Quiz Categories
Sports
Geography
Music
Movies
Television
Just For Fun
Miscellaneous
History
Literature
Language
Science
Gaming
Entertainment
Religion
Holiday
For Kids
Quiz Lab
Recent
Popular Today
Quiz Kudos Today
Editor Picks
Curator Picks
Quizzes by...
Day
Popularity
Type
Ratings
Length
Year
Community
Subscriptions
Recent Discussions
Orange Saloon
Badges
Playlists
Quests
Create
Leaderboards
Showdown
Live 5
Trivia Bingo
Activity
Puzzle Library
Sporcle Events
Private Events
Virtual Trivia
Globe League
Become a Host
Pub Owners
SporcleCon
Opinionation
Our Games
Videos
Blog
Mobile Apps
Partnerships
Remove Ads and Go Orange
Feedback
Television
TV Characters
TV Show
Sitcom
Network
Friends
Reality Shows
Cast
South Park
Star Trek
The Simpsons
Doctor Who
Television
TV Characters
TV Show
Sitcom
Network
Friends
Reality Shows
Cast
South Park
Star Trek
The Simpsons
Doctor Who
Random Quiz
Search Sporcle
×
Quiz Lab
Quiz Lab
Television
TV Show
Type in answers that appear in a list
Type in answers that appear in a list
Classic
Best Score? Go Orange.
Codename: Kids Next Door 2x4 technology by operation Stats
Can you name the Codename: Kids Next Door 2x4 technology gadgets, weapons, and vehicles by the operation in which they first appeared?
By
Greenphish
20m
115 Questions
94 Plays
94 Plays
94 Plays
Comments
Comments
Give Quiz Kudos
Give Quiz Kudos
-
- Ratings
hide this ad
Replay
Link that replays current quiz
Next Quiz
Link to next quiz in quiz playlist
You Got
0%
They Got
Avg Score
22%
Avg Friend Score
Upgrade to see
Score Distribution
Jump to the score distribution portion of the page
Score
0/115
Timer
20:00
0
Plays Today
Operation
2x4 technology
% Correct
Operation: N.O.-
P.O.W.U.H.
S.P.L.A.N.K.E.R.
68.1%
Operation: C.A.M.P.
C.O.O.L.B.U.S.
50%
Operation: T.H.E.-
F.L.Y.
S.C.A.M.P.E.R.
49.3%
Operation: M.I.N.I.-
G.O.L.F.
D.A.R.T.
42.6%
Operation: T.U.R.N.I.P.
P.I.P.E.P.O.D.
37.2%
Operation: I.N.T.E.R.V.I.E.W.S.
B.E.A.R.H.U.G.G.A.H.
36.2%
Operation: N.O.-
P.O.W.U.H.
S.C.A.M.P.P.
34.8%
Operation: I.-
S.C.R.E.A.M.
M.O.S.Q.U.I.T.T.O.H.
34%
Operation: H.O.S.P.I.T.A.L.
R.O.B.O.B.R.A.D.L.E.Y.
34%
Operation: Z.E.R.O.
V.A.C.D.O.O.M.
34%
Operation: P.O.I.N.T.
L.U.N.C.H.B.O.C.K.S.
33.3%
Operation: T.A.P.I.O.C.A.
M.E.R.R.Y.G.O.R.O.C.K.E.T.
33%
Operation: E.N.D.
D.O.H.D.O.H.
33%
Operation: P.I.A.N.O.
S.K.Y.C.L.A.W.
30.9%
Operation: S.N.O.W.I.N.G.
F.L.I.E.R.P.L.A.C.E.
30.9%
Operation: F.E.R.A.L.
E.L.E.P.H.I.N.D.E.R.
30.9%
Operation: Z.E.R.O.
S.C.A.M.P.E.R.-S.O.O.P.R.E.M.E.
30.9%
Operation: C.A.K.E.D.
S.M.E.L.L.M.E.T.
30.4%
Operation: C.A.T.S.
C.A.T.U.H.P.L.U.N.K.
29.8%
Operation: S.H.A.V.E.
C.H.O.P.S.H.O.P.
29.8%
Operation: N.O.-
P.O.W.U.H.
T.H.U.M.P.E.R.
29.8%
Operation: D.I.A.P.E.R.
S.T.O.R.K.
29.8%
Operation: S.H.A.V.E.
M.U.S.K.E.T.
29%
Operation: T.O.M.M.Y.
B.A.J.O.O.K.A.
28.7%
Operation: O.U.T.B.R.E.A.K.
B.L.U.B.B.E.R.
28.7%
Operation: C.A.K.E.D.-
T.H.R.E.E.
E.G.G.A.P.U.L.T.
27.7%
Operation: V.I.R.U.S.
C.L.O.U.D.C.O.V.E.R.
27.7%
Operation: D.A.D.D.Y.
G.O.G.O.-G.O.R.I.L.L.A.
27.7%
Operation: T.U.R.N.I.P.
H.I.P.P.I.E.-H.O.P.
27.5%
Operation: P.O.I.N.T.
G.U.M.Z.O.O.K.A.
27.5%
Operation: C.A.N.N.O.N.
C.L.A.M.M.A.H.
26.6%
Operation: L.I.C.E.
B.A.C.K.B.U.R.N.E.R.
26.6%
Operation: C.A.K.E.D.-
T.W.O.
S.T.A.N.K.
26.6%
Operation: M.A.U.R.I.C.E.
M.A.R.B.L.E.
26.6%
Operation: S.A.F.E.T.Y.
D.R.A.G.S.T.U.H.
26.6%
Operation: T.R.I.C.Y.C.L.E.
C.Y.C.L.O.C.A.N.N.O.N.
26.6%
Operation: A.R.C.T.I.C.
S.K.E.E.B.I.K.E.
25.5%
Operation: P.O.I.N.T.
S.P.L.O.R.C.K.
25.5%
Operation: A.W.A.R.D.S.
C.H.U.B.B.S.U.I.T.
25.5%
Operation
2x4 technology
% Correct
Operation: W.H.I.T.E.H.O.U.S.E.
L.E.M.O.N.A.D.E.
25.5%
Operation: A.R.C.T.I.C.
S.N.O.W.S.U.B.
24.6%
Operation: L.I.Z.Z.I.E.
F.R.A.P.P.E.
24.6%
Operation: A.F.L.O.A.T.
M.E.G.A.R.A.G.E.
24.5%
Operation: U.T.O.P.I.A.
G.A.R.G.O.C.Y.C.L.E.
24.5%
Operation: S.A.F.E.T.Y.
H.A.I.R.C.U.T.T.E.R.
24.5%
Operation: C.A.K.E.D.-
T.W.O.
B.A.T.T.E.R.B.E.A.T.E.R.
23.4%
Operation: F.O.O.D.F.I.T.E.
B.L.A.Z.E.R.
23.4%
Operation: L.U.N.C.H.
L.O.C.K.A.H.S.O.C.K.A.H.
23.4%
Operation: E.L.E.C.T.I.O.N.S.
G.U.M.M.B.O.
23.4%
Operation: H.O.T.S.T.U.F.F.
H.O.T.S.H.O.T.
23.4%
Operation: H.A.M.S.T.E.R.
C.A.T.T.R.A.P.
23.4%
Operation: U.N.D.E.R.C.O.V.E.R.
S.U.B.S.T.A.N.D.A.R.D.
22.3%
Operation: M.U.N.C.H.I.E.S.
S.H.O.P.P.I.N.G.D.A.R.T.
22.3%
Operation: M.A.U.R.I.C.E.
U.N.D.E.R.P.O.U.N.D.
22.3%
The Grim Adventures of the KND
M.A.N.D.R.O.B.O.T.
22.3%
Operation: L.I.C.E.
C.H.E.E.Z.O.O.C.K.A.
21.7%
Operation: P.O.I.N.T.
S.P.I.C.E.R.
21.7%
Operation: F.A.S.T.-
F.O.O.D.
C.O.N.E.C.A.N.N.O.N.
21.3%
Operation: S.A.T.U.R.N.
S.P.A.C.E.R.C.H.A.S.E.R.
21.3%
Operation: C.O.L.L.E.G.E.
C.H.A.N.G.E.M.A.K.E.R.
21.3%
Operation: A.R.C.T.I.C.
P.I.P.E.R.
20.3%
Operation: T.R.A.I.N.I.N.G.
C.O.D.E. M.O.D.U.L.E.
20.3%
Operation: D.A.T.E.
E.L.I.M.O.N.A.T.E.R.
20.2%
Operation: S.P.A.C.E.
S.T.A.R.W.R.E.C.K.
20.2%
Operation: K.A.S.T.L.E.
R.O.L.L.A.S.K.A.T.E.
20.2%
Operation: H.U.G.S.
W.R.A.S.L.E.R.
20.2%
Operation: S.P.R.O.U.T.
I.T.S.I.B.I.T.S.Y.
20.2%
Operation: L.O.V.E.
S.P.O.T.F.I.T.E.S.
20.2%
Operation: O.U.T.B.R.E.A.K.
T.O.A.S.T.I.E.
20.2%
Operation: D.O.G.F.I.G.H.T.
D.U.O.P.L.A.N.E.
20.2%
Operation: D.O.G.F.I.G.H.T.
D.O.G.F.L.I.E.R.
20.2%
Operation: Q.U.I.E.T.
D.E.F.E.N.S.E. G.R.I.D.
19.1%
Operation: P.I.R.A.T.E.
S.C.H.O.O.N.E.R.
19.1%
Operation: I.-
S.C.R.E.A.M.
F.I.N.D.-I.T.
19.1%
Operation: C.A.K.E.D.
D.R.O.P.P.U.H.P.O.D.
18.8%
Operation: L.I.C.E.
D.O.O.Z.I.E.
18.8%
Operation: A.R.C.T.I.C.
B.O.N.G.O.S.K.O.P.E.
18.8%
Operation: T.H.E.-
F.L.Y.
F.L.A.P.P.U.H.
18.1%
Operation
2x4 technology
% Correct
Operation: P.I.R.A.T.E.
S.L.U.G.G.U.H.
18.1%
Operation: P.O.O.L.
S.P.L.A.T.T.L.E.
18.1%
Operation: A.M.I.S.H.
S.C.A.M.P.P.E.R.
18.1%
Operation: R.E.C.E.S.S.
V.O.C.A.L.-Y.O.K.E.L.
18.1%
Operation: C.H.A.D.
V.E.G.G.I.E.
18.1%
Operation: T.U.R.N.I.P.
C.O.R.D.E.R.
17.4%
Operation: L.I.C.E.
N.A.C.H.O.W.I.T.Z.E.R.
17.4%
Operation: S.P.R.O.U.T.
S.K.R.A.M.B.U.L.A.N.C.E.
17.4%
Operation: S.H.A.V.E.
S.H.A.V.E.R.A.M.A.
17%
Operation: L.U.N.A.R.U.M.B.L.E.
T.R.E.E.H.E.M.O.T.H.
17%
Operation: F.A.S.T.-
F.O.O.D.
C.A.S.U.A.L.
17%
Operation: S.I.X.
P.O.W.U.H.P.A.C.K.
16%
Operation: L.I.C.E.
G.O.U.D.A.N.O.W.Y.A.
15.9%
Operation: F.U.G.I.T.I.V.E.
E.S.C.A.P.E.R.
15.9%
Operation: I.N.T.E.R.V.I.E.W.S.
R.E.B.R.I.D.G.E.R.A.T.E.R.
15.9%
Operation: P.O.I.N.T.
K.L.A.W.N.C.H.E.R.
15.9%
Operation: L.I.Z.Z.I.E.
T.A.N.G.L.E.R.
14.9%
Operation: C.H.A.D.
K.O.L.O.S.S.A.L.I.N.E.R.
14.9%
Operation: T.A.P.I.O.C.A.
T.A.P.I.O.C.A.N.N.O.N.
14.9%
Operation: C.H.A.D.
B.O.T.T.L.E.C.A.P.
14.5%
Operation: L.I.Z.Z.I.E.
S.Q.O.O.S.H.E.R.
14.5%
Operation: C.A.K.E.D.-
T.W.O.
G.R.A.P.P.L.U.H.
14.5%
Operation: C.O.L.L.E.G.E.
R.O.A.D.S.T.A.R.
13.8%
Operation: C.A.T.S.
K.A.T.N.I.P.P.U.H.
13.8%
Operation: F.U.G.I.T.I.V.E.
S.P.R.A.Y.S.H.I.P.
13%
Operation: F.U.G.I.T.I.V.E.
S.U.R.F.L.I.E.R.
13%
Operation: L.I.Z.Z.I.E.
J.E.T.A.B.O.O.T.S.
13%
Operation: O.U.T.B.R.E.A.K.
S.U.B.W.O.R.M.
12.8%
Operation: G.H.O.S.T.
P.U.T.T.P.U.T.T.
11.7%
Operation: D.O.G.F.I.G.H.T.
B.O.O.S.T.B.I.K.E.
11.7%
Operation: U.N.D.E.R.C.O.V.E.R.
S.K.I.D.O.O.D.
11.6%
Operation: E.N.D.
S.U.B.U.R.B.A.N.
11.6%
Operation: K.I.S.S.
Y.O.-Y.O.P.E.R.
10.6%
Operation: P.I.R.A.T.E.
J.O.Y.S.C.H.T.I.C.K.
10.1%
Operation: C.H.O.C.O.L.A.T.E.
R.A.D.I.A.T.O.R.
7.4%
Operation: C.O.L.L.E.G.E.
H.O.V.E.R.A.F.T.
7.4%
Operation: D.O.G.F.I.G.H.T.
H.A.W.K.E.Y.E.
7.4%
Quiz Playlist
Details
Report
Send in Message
Add To Playlist
Classic:
Type in answers that appear in a list
Last Updated: Feb 22, 2021
Quiz Scoreboard
CHALLENGE
Sign Up to Join the Scoreboard
Show All
Scores
Hide
Comments
May contain spoilers
Recently Published
Holiday 10x10 Sorting Gallery
by lukepisani3
Holiday
15m
Two Season TV Shows II
by 123Four
Television
10m
Image Sorting: Flags VI
by Barbecue
Geography
2m
More to Explore
Quiz From the Vault
Featured Blog Post
14 Easter Pick-up Lines to Find Eggs With
hide this ad
You Might Also Like...
Tags
Cartoons Quiz
TV Show Quiz
Agent
Cartoon Cartoon
Cartoon Network
door
episode
kid
Next
Technology
Vehicles
Weapons
Today's Top Quizzes in Television
Browse Television
hide this ad
Today's Top Quizzes in TV Show
Browse TV Show
Top Contributed Quizzes in Television
1
Survivor Journey Challenge
2
Even More Two Season TV Shows
3
Adjectives in 00s TV Shows
4
Brooklyn Nine Nine Logic Puzzle (How-To-Play)
5
Adjectives in 10s TV Shows
6
Click the SpongeBob Episodes (Season 3)
7
Even More Three Season TV Shows
8
Survivor Logic Puzzle: Heroes vs. Villains
9
Total Drama Characters
10
Survivor Heroes vs. Villains Logic Puzzle
Explore More
Trending Topics
Disney
Crossword
Marvel
Harry Potter
Anime
NBA
Kpop
Puzzle
WWE
Soccer
Song
Pokémon
The Office
Country
NFL
hide this ad
More By:
Greenphish
Quiz
Plays
Rating
Category
Featured
Created
Disney Channel shows by theme song lyrics
10,823
4.75
Television
Jul 12, 2010
Disney Channel shows' theme songs match-up
9,074
4.80
Television
Aug 15, 2014
To be or not to be (a Pokémon)?
4,444
4.46
Gaming
Jul 2, 2017
Hannah Montana songs by first letters
4,259
4.43
Music
Aug 2, 2010
Jumanji: Welcome to the Jungle - how did they die?
4,194
4.78
Movies
Dec 23, 2017
Go to Creator's Profile
Score Distribution
Quiz Creator Spotlight
Greenphish
Follow
Send a Message
Quizzes Created
-
Created Quiz Play Count
-
More By This Creator
Popular Quizzes Today
1
Find the US States - No Outlines Minefield
2
Colored Red Africa Blitz
3
Find the 'City' Movie
4
The Countries of the World
5
5x2 Blitz: Bands
6
Find the Countries of Europe - No Outlines Minefield
7
Find the US States
8
US States
More Television Quizzes
Steven Universe Quiz
Quiz Lab
Trending Quizzes
Colored Red Europe Blitz I
Colored Red Africa Blitz II
Colored Red Europe Blitz II
Even More Two Season TV Shows
Colored Red Africa Blitz III
Recently Updated
Quick Pick: 20 Twenties
pecheneg
March Madness Men's Triple Doubles
pecheneg
How Do You Spell That?
pecheneg
Godzilla Movies
pecheneg
Grab Bag: 4-10 Letters
pecheneg
2024 March Madness Bracket
pecheneg
Famous TV Couples
Peacemaker
Champions League XIs: Real Madrid
pecheneg
Largest US Cities 1790-2010
pecheneg
Rides in Walt Disney World
pecheneg
Trending Topics
Anime
Kpop
Marvel
Crossword
Disney
Harry Potter
NBA
Pokémon
NFL
Soccer
The Office
WWE
Song
Puzzle
Country
Your Account Isn't Verified!
In order to create a playlist on Sporcle, you need to verify the email address you used during registration. Go to your
Sporcle Settings
to finish the process.
Report this User
Report this user for behavior that violates our
Community Guidelines
.
Details:
Send Report
Go to the Sporcle.com Mobile Site →
Comments